000 00361nam a22001457a 4500
999 _c532432
_d532432
003 NUST
020 _a9879791320
_qH/B.
038 _awaseem
082 _a982
_bMOR
100 _aMardo, Carlos
_925945
245 _aArgentina en el Patrimonio de la Humanided /
_cCarlos Mardo
260 _aBuenos Aires :
_bBago,
_c2003.
300 _a116 p. ;
942 _2ddc
_cBK